1373 1151 1357 1928 1824 1952 1466 1484 1263 1646 1346 1402 1863 1468 1970 1138 1440 1668 1505 1821 1204 1521 1302 1475 1835 1711 1377 1450 1140 1314 1137 1453 1743 1376 1716 1577 1969 1591 1102 1836 1186 1117 1660 1803 1486 1911 1569 1201 1484 1559 1773 1119 1233 1011 1776 1271 1394 1526 1957 1853 1445 1065 1127 1326 1843 1810 1021 1357 1639 1589 1216 1377 1249 1663 1231 1648 1279 1692 1979 1016 1904 1437 1755 1178 1162 1809 1628 1988 1088 1083 1166 1996 1445 1852 1705 1245 1695 1533 1476 BCNSPRNW ULIB Ver.6.0+V

เปลี่ยนเป็นภาษาไทย

Change to English
 แสดงรายละเอียดบรรณานุกรม
  กลับหน้าหลัก

Brief Record : Get Marc (ISO 2709) : E-mail record : QR code < ปิดหน้าต่าง
LEADER : 00000nam 2200000uu 4500
001    13399110960
003     ULIB
008    110614s||||||||th 000 0 tha d
020    974707348X
020    9789747073485
050  4 AC159^bอ329ก 2550
100 0  อรปรียา หุ่นศาสตร์
245 10 กินดี อยู่ดี แบบอรปรียา /^cอรปรียา หุ่นศาสตร์
260    กรุงเทพฯ :^bใส่ใจ,^c[2550]
300    160 หน้า :^bภาพประกอบ ;^c21 ซม.
600 07 อรปรียา หุ่นศาสตร์^xผลงาน
650  7 รวมเรื่อง
945    ^p165^l0^i021748
995    ทศพร
999 ^a ใช้งานได้ทุกระบบ
รายการนี้ยังไม่มีแท็ก
คุณยังไม่ได้ล็อกอิน คุณสามารถมีกิจกรรมร่วมกับเว็บไซต์ได้ แต่ต้องล็อกอินก่อน ::
  ล็อกอิน

รายการสื่อสารสนเทศ

ลำดับที่ ประเภท เลขเรียก/บาร์โค้ด สถานที่ สถานะ
- ไม่พบข้อมูล -

รายการใกล้เคียง
    หัวเรื่อง [รวมเรื่อง]

BibComment


ยังไม่เคยถูกคอมเมนท์

คอมเมนท์ทรัพยากรรายการนี้
  คอมเมนท์: กินดี อยู่ดี แบบอ..


 Copyright 2026. Bcnsprnw @Library